| 000 | 00442pab a2200169 454500 | ||
|---|---|---|---|
| 008 | 180718b2006 xxu||||| |||| 00| 0 eng d | ||
| 100 | _aMutch, Alistair | ||
| 245 | _aSituating organizational action: the relational sociology of organizations | ||
| 260 | _c2006 | ||
| 300 | _ap.607-25. | ||
| 362 | _aSep | ||
| 650 | _aOrganizations | ||
| 700 | _aVentresca, Marc | ||
| 700 | _aDelbridge, Rick | ||
| 773 | _aOrganization | ||
| 909 | _a71806 | ||
| 999 |
_c71806 _d71806 |
||